[Event "Belgrade Trophy 36th"]
[Site "Belgrade"]
[Date "2023.11.28"]
[Round "4"]
[White "Kostic, V Vladimir"]
[Black "Romanov, Vasily"]
[Result "1-0"]
[WhiteElo "2041"]
[BlackElo "1836"]
[PlyCount "93"]
[EventDate "2023.11.25"]
[EventType "swiss"]
[EventRounds "9"]
[EventCountry "SRB"]
[SourceTitle "CB49_2023"]
[SourceDate "2023.12.06"]
[SourceVersion "1"]
[SourceVersionDate "2023.12.06"]
[SourceQuality "1"]

1. g3 d5 2. Nf3 Nf6 3. Bg2 c6 4. 0-0 Bg4 5. d3 Nbd7 6. Nbd2 e5 7. h3 Bh5 8. e4 dxe4 9. dxe4 Be7 10. Qe2 0-0 11. Rd1 Qc7 12. b3 Rfd8 13. Bb2 Ne8 14. Nc4 f6 15. g4 Bf7 16. Nh4 Nc5 17. Nf5 Bf8 18. a4 Ne6 19. Bf1 Nf4 20. Qf3 Bc5 21. Ba3 Bxa3 22. Nxa3 Nd6 23. Ng3 Bg6 24. Qe3 Nf7 25. Kh2 Ng5 26. h4 Nge6 27. Bc4 Kh8 28. Bxe6 Nxe6 29. c3 Nf4 30. Kg1 Bf7 31. c4 Qe7 32. Nc2 Qe6 33. Qf3 h5 34. Ne3 hxg4 35. Nxg4 Nh3+ 36. Kh2 Nf4 37. Rxd8+ Rxd8 38. Rd1 Rxd1 39. Qxd1 Be8 40. Nf5 Bd7 41. f3 g6 42. Ng3 Qe7 43. Ne2 f5 44. Nxf4 exf4 45. Qd4+ Qg7 46. Nf6 c5 47. Qe5 1-0

[Event "Chigorin Memorial 30th"]
[Site "St Petersburg"]
[Date "2023.10.29"]
[Round "9"]
[White "Lesnykh, Zhanna"]
[Black "Romanov, Vasily"]
[Result "1-0"]
[WhiteElo "2031"]
[BlackElo "1862"]
[PlyCount "101"]
[EventDate "2023.10.21"]
[EventType "swiss"]
[EventRounds "9"]
[EventCountry "RUS"]
[SourceTitle "Mega2024 Update 01"]
[Source "Chessbase"]
[SourceDate "2023.11.12"]
[SourceVersion "1"]
[SourceVersionDate "2023.11.12"]
[SourceQuality "1"]

1. e4 e5 2. Nf3 Nc6 3. Bb5 a6 4. Ba4 Nf6 5. 0-0 b5 6. Bb3 Bc5 7. c3 d6 8. d4 Bb6 9. h3 0-0 10. Re1 Re8 11. a4 Rb8 12. Na3 Bd7 13. axb5 axb5 14. Nxb5 h6 15. Bc2 Ne7 16. Na3 Ng6 17. Nc4 Qc8 18. Kh2 Be6 19. Nxb6 Rxb6 20. d5 Bd7 21. Ba4 Nh5 22. Bxd7 Qxd7 23. Qa4 Qc8 24. b4 Rf8 25. Be3 Rb8 26. Qc6 Ne7 27. Qc4 f5 28. Ra7 Rb7 29. Rea1 fxe4 30. Nxe5 Nf6 31. Nc6 Ng6 32. Bf4 Kh7 33. Bg3 h5 34. Kg1 h4 35. Bh2 Rxa7 36. Rxa7 Qf5 37. Nd4 Qxd5 38. Qxd5 Nxd5 39. Ne6 Rf5 40. Ra5 c6 41. c4 e3 42. fxe3 Nxe3 43. Rxf5 Nxf5 44. b5 cxb5 45. cxb5 Nge7 46. Nf8+ Kg8 47. Nd7 Nd4 48. b6 Ndc6 49. Bxd6 Nc8 50. Bc7 Na5 51. Nc5 1-0

[Event "Chigorin Memorial 30th"]
[Site "St Petersburg"]
[Date "2023.10.24"]
[Round "4"]
[White "Romanov, Vasily"]
[Black "Kunin, Pavel1"]
[Result "0-1"]
[WhiteElo "1862"]
[BlackElo "2094"]
[PlyCount "64"]
[EventDate "2023.10.21"]
[EventType "swiss"]
[EventRounds "9"]
[EventCountry "RUS"]
[SourceTitle "Mega2024 Update 01"]
[Source "Chessbase"]
[SourceDate "2023.11.12"]
[SourceVersion "1"]
[SourceVersionDate "2023.11.12"]
[SourceQuality "1"]

1. e4 Nf6 2. e5 Nd5 3. d4 d6 4. c4 Nb6 5. f4 dxe5 6. fxe5 Nc6 7. Be3 Bf5 8. Nc3 e6 9. Nf3 Be7 10. Be2 0-0 11. 0-0 f6 12. exf6 Bxf6 13. Qd2 Qe7 14. Rad1 Rad8 15. Qc1 Rfe8 16. Kh1 Kh8 17. h3 Bg6 18. Bg1 Rd7 19. c5 Nd5 20. Bb5 Ndb4 21. a3 a6 22. Bc4 Nd5 23. Rfe1 Qd8 24. Bh2 Bh5 25. g4 Bg6 26. g5 Bh5 27. Bxd5 Rxd5 28. Ne5 Bxe5 29. Bxe5 Nxe5 30. Rxe5 Rxe5 31. dxe5 Bxd1 32. Nxd1 Qd5+ 0-1

[Event "Chigorin Memorial 30th"]
[Site "St Petersburg"]
[Date "2023.10.22"]
[Round "2"]
[White "Romanov, Vasily"]
[Black "Titarov, Vasilii"]
[Result "1/2-1/2"]
[WhiteElo "1862"]
[BlackElo "2099"]
[PlyCount "67"]
[EventDate "2023.10.21"]
[EventType "swiss"]
[EventRounds "9"]
[EventCountry "RUS"]
[SourceTitle "Mega2024 Update 01"]
[Source "Chessbase"]
[SourceDate "2023.11.12"]
[SourceVersion "1"]
[SourceVersionDate "2023.11.12"]
[SourceQuality "1"]

1. e4 c5 2. Nf3 e6 3. d4 cxd4 4. Nxd4 Nf6 5. Nc3 Nc6 6. Nxc6 bxc6 7. e5 Nd5 8. Ne4 Qc7 9. f4 Qa5+ 10. Bd2 Qb6 11. Bd3 Be7 12. Qh5 Ba6 13. Bxa6 Qxa6 14. Qe2 Qxe2+ 15. Kxe2 f5 16. Nf2 Kf7 17. c4 Nb6 18. b3 a5 19. Be3 c5 20. Rac1 Rhc8 21. a4 Ra7 22. Nd1 Raa8 23. Nc3 h6 24. Nb5 g5 25. Rcd1 Rc6 26. Rd3 Rg8 27. g3 gxf4 28. Bxf4 Bg5 29. Na7 Rc7 30. Nb5 Rc6 31. Na7 Rc7 32. Nb5 Rc6 33. Na7 Rc7 34. Nb5 1/2-1/2

[Event "St Petersburg Korchnoi Memorial op"]
[Site "St Petersburg"]
[Date "2019.08.22"]
[Round "9"]
[White "Surkova, Sofya"]
[Black "Romanov, Vasily"]
[Result "0-1"]
[WhiteElo "1639"]
[BlackElo "1906"]
[PlyCount "46"]
[EventDate "2019.08.14"]
[EventType "swiss"]
[EventRounds "9"]
[EventCountry "RUS"]
[SourceTitle "CBM 192"]
[Source "ChessBase"]
[SourceDate "2019.10.31"]
[SourceVersion "1"]
[SourceVersionDate "2019.10.31"]
[SourceQuality "1"]

1. e4 e5 2. Nf3 Nc6 3. Bb5 a6 4. Ba4 Nf6 5. 0-0 Be7 6. Re1 b5 7. Bb3 0-0 8. h3 d6 9. c3 Bb7 10. d4 Re8 11. a4 h6 12. a5 Bf8 13. Nbd2 exd4 14. cxd4 Nb4 15. e5 dxe5 16. dxe5 Nfd5 17. Ne4 c5 18. Bxd5 Bxd5 19. Bf4 Bxe4 20. Rxe4 Nd3 21. Qc2 f5 22. Re2 Nxf4 23. Qxf5 Ne6 0-1

[Event "St Petersburg Korchnoi Memorial op"]
[Site "St Petersburg"]
[Date "2019.08.20"]
[Round "7"]
[White "Rubinshtein, Kamilla"]
[Black "Romanov, Vasily"]
[Result "0-1"]
[WhiteElo "1799"]
[BlackElo "1906"]
[PlyCount "74"]
[EventDate "2019.08.14"]
[EventType "swiss"]
[EventRounds "9"]
[EventCountry "RUS"]
[SourceTitle "CBM 192"]
[Source "ChessBase"]
[SourceDate "2019.10.31"]
[SourceVersion "1"]
[SourceVersionDate "2019.10.31"]
[SourceQuality "1"]

1. e4 e5 2. Nf3 Nc6 3. d4 exd4 4. Nxd4 Nf6 5. Nxc6 bxc6 6. Bd3 d5 7. exd5 cxd5 8. 0-0 Be7 9. Nc3 0-0 10. b3 c5 11. Bb2 Rb8 12. Rb1 Be6 13. Qf3 Bg4 14. Qf4 Rb4 15. Qd2 c4 16. Be2 d4 17. Bxg4 Nxg4 18. Qf4 f5 19. Ne4 Qb8 20. Qxb8 Rbxb8 21. Ng3 c3 22. Bc1 d3 23. Bf4 Rb4 24. Bc7 f4 25. Nh5 Rf5 26. h3 Rxh5 27. hxg4 Rc5 28. a3 dxc2 29. Rbc1 Rxb3 30. Bxf4 Rc4 31. Be3 Bxa3 32. Rxc2 Rxg4 33. Kh2 Bb2 34. Kg1 Ra4 35. Bc1 Bxc1 36. Rcxc1 Rab4 37. Rce1 Kf7 0-1

[Event "St Petersburg Korchnoi Memorial op"]
[Site "St Petersburg"]
[Date "2019.08.19"]
[Round "6"]
[White "Romanov, Vasily"]
[Black "Ataev, Kamronbek"]
[Result "0-1"]
[WhiteElo "1906"]
[BlackElo "1644"]
[PlyCount "43"]
[EventDate "2019.08.14"]
[EventType "swiss"]
[EventRounds "9"]
[EventCountry "RUS"]
[SourceTitle "CBM 192"]
[Source "ChessBase"]
[SourceDate "2019.10.31"]
[SourceVersion "1"]
[SourceVersionDate "2019.10.31"]
[SourceQuality "1"]

1. d4 Nf6 2. c4 e6 3. Nc3 b6 4. e4 d6 5. f4 Bb7 6. e5 Ne4 7. Nf3 Nxc3 8. bxc3 d5 9. cxd5 Bxd5 10. Bd3 Be7 11. 0-0 0-0 12. f5 f6 13. fxe6 Bxe6 14. Bb2 c5 15. Qe2 Nc6 16. Bc4 Bd5 17. Rad1 Na5 18. Bxd5+ Qxd5 19. Bc1 Rac8 20. Rfe1 cxd4 21. cxd4 Nc4 22. Bg5 0-1

[Event "St Petersburg Korchnoi Memorial op"]
[Site "St Petersburg"]
[Date "2019.08.16"]
[Round "3"]
[White "Oskin, Iakov"]
[Black "Romanov, Vasily"]
[Result "1/2-1/2"]
[WhiteElo "1507"]
[BlackElo "1906"]
[PlyCount "107"]
[EventDate "2019.08.14"]
[EventType "swiss"]
[EventRounds "9"]
[EventCountry "RUS"]
[SourceTitle "CBM 192"]
[Source "ChessBase"]
[SourceDate "2019.10.31"]
[SourceVersion "1"]
[SourceVersionDate "2019.10.31"]
[SourceQuality "1"]

1. d4 Nf6 2. Nf3 d5 3. c4 e6 4. Nc3 Be7 5. Bg5 h6 6. Bh4 0-0 7. e3 b6 8. cxd5 Nxd5 9. Bg3 c5 10. Bc4 Nxc3 11. bxc3 Bb7 12. 0-0 Nc6 13. Qe2 Na5 14. Ba6 Qc8 15. Bxb7 Qxb7 16. Rab1 Rac8 17. Ne5 Rfd8 18. Qb5 Nc6 19. a4 cxd4 20. Nxc6 Qxc6 21. cxd4 Bd6 22. a5 Bxg3 23. hxg3 Rd5 24. Qxc6 Rxc6 25. axb6 axb6 26. Rb4 e5 27. Rfb1 exd4 28. exd4 b5 29. Rxb5 Rxd4 30. R5b4 Rd2 31. R4b2 Rd3 32. Rb3 Rd2 33. R3b2 Rcd6 34. Rxd2 Rxd2 35. Kf1 g6 36. Ke1 Ra2 37. Rd1 Kg7 38. Rd2 Ra1+ 39. Ke2 Rg1 40. Rd1 Rxd1 41. Kxd1 Kf6 42. Ke2 Kf5 43. f3 h5 44. Kd3 Ke5 45. Ke3 Kf5 46. Kd3 g5 47. Ke3 g4 48. Kd4 f6 49. Kd5 gxf3 50. gxf3 Kg5 51. Ke6 h4 52. gxh4+ Kxh4 53. f4 Kg4 54. Kxf6 1/2-1/2

[Event "Eurasia Cup op"]
[Site "Ekaterinburg"]
[Date "2019.08.09"]
[Round "9"]
[White "Dilmukhametov, Artur"]
[Black "Romanov, Vasily"]
[Result "1-0"]
[WhiteElo "2346"]
[BlackElo "1906"]
[PlyCount "77"]
[EventDate "2019.07.31"]
[EventType "swiss"]
[EventRounds "9"]
[EventCountry "RUS"]
[SourceTitle "CBM 191 Extra"]
[Source "ChessBase"]
[SourceDate "2019.09.30"]
[SourceVersion "1"]
[SourceVersionDate "2019.09.30"]
[SourceQuality "1"]

1. d4 Nf6 2. Nc3 d5 3. Bf4 c6 4. e3 g6 5. Nf3 Bg7 6. h3 0-0 7. Bd3 Nbd7 8. 0-0 Nh5 9. Bh2 f5 10. Ne2 e6 11. c4 Qe7 12. Rb1 Kh8 13. b4 dxc4 14. Bxc4 e5 15. b5 e4 16. Nd2 Nb6 17. a4 Be6 18. Bxe6 Qxe6 19. bxc6 bxc6 20. a5 Nd5 21. Nb3 f4 22. Nc5 Qf5 23. exf4 Nhxf4 24. Bxf4 Nxf4 25. Nxf4 Qxf4 26. Ne6 Qd6 27. Nxf8 Rxf8 28. Qc2 Bxd4 29. Qxe4 c5 30. Qe2 Rf7 31. a6 Qd5 32. Kh1 Kg7 33. f4 h5 34. Rb8 c4 35. Rc8 c3 36. Qd3 Rd7 37. Rd1 Qb3 38. Rxc3 Qa4 39. Rc4 1-0

[Event "Eurasia Cup op"]
[Site "Ekaterinburg"]
[Date "2019.08.07"]
[Round "7"]
[White "Mukhina, Jana"]
[Black "Romanov, Vasily"]
[Result "0-1"]
[WhiteElo "2090"]
[BlackElo "1906"]
[PlyCount "68"]
[EventDate "2019.07.31"]
[EventType "swiss"]
[EventRounds "9"]
[EventCountry "RUS"]
[SourceTitle "CBM 191 Extra"]
[Source "ChessBase"]
[SourceDate "2019.09.30"]
[SourceVersion "1"]
[SourceVersionDate "2019.09.30"]
[SourceQuality "1"]

1. e4 c6 2. d4 d5 3. Nc3 dxe4 4. Nxe4 Bf5 5. Ng3 Bg6 6. h4 h6 7. Nf3 Nd7 8. h5 Bh7 9. Bd3 Bxd3 10. Qxd3 Ngf6 11. Bd2 e6 12. 0-0-0 Be7 13. Kb1 Qb6 14. c4 Rd8 15. Qe2 0-0 16. Bf4 Rfe8 17. Ne5 c5 18. Qc2 cxd4 19. Nxf7 Kxf7 20. Qg6+ Kf8 21. Bxh6 gxh6 22. Qxh6+ Kg8 23. Rh4 e5 24. Nf5 Bf8 25. Qg6+ Kh8 26. Rd3 Qe6 27. Rg3 Qxc4 28. Ne3 Qg8 29. Ng4 Qxg6+ 30. hxg6+ Kg7 31. Nh6 Ne4 32. Rxe4 Kxh6 33. g7 Be7 34. Re1 Bg5 0-1

[Event "Eurasia Cup op"]
[Site "Ekaterinburg"]
[Date "2019.08.03"]
[Round "4"]
[White "Romanov, Vasily"]
[Black "Safin, Robert"]
[Result "0-1"]
[WhiteElo "1906"]
[BlackElo "2258"]
[PlyCount "62"]
[EventDate "2019.07.31"]
[EventType "swiss"]
[EventRounds "9"]
[EventCountry "RUS"]
[SourceTitle "CBM 191 Extra"]
[Source "ChessBase"]
[SourceDate "2019.09.30"]
[SourceVersion "1"]
[SourceVersionDate "2019.09.30"]
[SourceQuality "1"]

1. e4 c5 2. Nf3 e6 3. c3 b6 4. d4 Bb7 5. Bd3 Na6 6. Qe2 Nc7 7. 0-0 Be7 8. Rd1 Qc8 9. Bf4 Nf6 10. h3 0-0 11. Nbd2 Rd8 12. Rac1 d6 13. Nf1 Ba6 14. c4 cxd4 15. Nxd4 Bb7 16. Bb1 e5 17. Nf5 Bf8 18. Bg5 Qe6 19. N1g3 g6 20. Nh6+ Kg7 21. Ng4 Be7 22. Ne3 h6 23. Bh4 Ng8 24. Bxe7 Nxe7 25. Rd2 Nc6 26. Rd5 Rac8 27. b3 Nd4 28. Qd1 Nxd5 29. exd5 Qe7 30. Qg4 Kh7 31. Re1 Qg5 0-1

[Event "Eurasia Cup op"]
[Site "Ekaterinburg"]
[Date "2019.08.02"]
[Round "3"]
[White "Lysenko, Margarita"]
[Black "Romanov, Vasily"]
[Result "1/2-1/2"]
[WhiteElo "2249"]
[BlackElo "1906"]
[PlyCount "74"]
[EventDate "2019.07.31"]
[EventType "swiss"]
[EventRounds "9"]
[EventCountry "RUS"]
[SourceTitle "CBM 191 Extra"]
[Source "ChessBase"]
[SourceDate "2019.09.30"]
[SourceVersion "1"]
[SourceVersionDate "2019.09.30"]
[SourceQuality "1"]

1. d4 Nf6 2. c4 e6 3. Nc3 d5 4. Bg5 Be7 5. cxd5 Nxd5 6. Bxe7 Qxe7 7. e4 Nxc3 8. bxc3 c5 9. Nf3 cxd4 10. cxd4 0-0 11. Bd3 Nc6 12. 0-0 Rd8 13. e5 b6 14. Qd2 Bb7 15. Rad1 Nb4 16. Bb1 h6 17. a3 Nd5 18. Qd3 g6 19. g3 Rac8 20. Rc1 Ba8 21. Nd2 Rxc1 22. Rxc1 Qg5 23. h4 Qg4 24. Ne4 Kg7 25. f3 Qh5 26. Rc2 Ne7 27. Kh2 Bxe4 28. fxe4 Qg4 29. Rf2 Nc6 30. Rf4 Qh5 31. Qf3 Rd7 32. Bd3 Nxd4 33. Qf2 Nf5 34. Rf3 Nd4 35. Rf4 Nf5 36. Rf3 Nd4 37. Rf4 Nf5 1/2-1/2

[Event "Moscow op-A 15th"]
[Site "Moscow"]
[Date "2019.01.29"]
[Round "4"]
[White "Romanov, Vasily"]
[Black "Eynullayev, Atilla Elshan"]
[Result "0-1"]
[WhiteElo "1993"]
[BlackElo "2151"]
[PlyCount "76"]
[EventDate "2019.01.26"]
[EventType "swiss"]
[EventRounds "9"]
[EventCountry "RUS"]
[SourceTitle "CBM 188 Extra"]
[Source "ChessBase"]
[SourceDate "2019.02.26"]
[SourceVersion "1"]
[SourceVersionDate "2019.02.26"]
[SourceQuality "1"]

1. e4 c5 2. Nf3 d6 3. Bb5+ Nd7 4. 0-0 a6 5. Bd3 Ngf6 6. c3 b5 7. a4 b4 8. Bc2 Bb7 9. Re1 Qc7 10. d4 cxd4 11. cxd4 Rc8 12. Bb3 Bxe4 13. Ng5 Bg6 14. f4 d5 15. Qf3 h6 16. Nh3 Be4 17. Qe2 Qb6 18. Be3 e6 19. Nd2 Bh7 20. Rac1 Qb7 21. g4 Rxc1 22. Rxc1 Be7 23. Nf2 0-0 24. g5 hxg5 25. fxg5 Ne4 26. Ndxe4 dxe4 27. Qg4 Bf5 28. Qf4 Bd8 29. d5 Bb6 30. Nxe4 Bxe4 31. Qxe4 exd5 32. Bxd5 Bxe3+ 33. Kg2 Qb6 34. Rc6 Qd4 35. Qxd4 Bxd4 36. g6 Ne5 37. gxf7+ Kh7 38. b3 Nxc6 0-1

[Event "Moscow op-A 15th"]
[Site "Moscow"]
[Date "2019.01.28"]
[Round "3"]
[White "Stukan, Martin"]
[Black "Romanov, Vasily"]
[Result "1/2-1/2"]
[WhiteElo "2142"]
[BlackElo "1993"]
[PlyCount "132"]
[EventDate "2019.01.26"]
[EventType "swiss"]
[EventRounds "9"]
[EventCountry "RUS"]
[SourceTitle "CBM 188 Extra"]
[Source "ChessBase"]
[SourceDate "2019.02.26"]
[SourceVersion "1"]
[SourceVersionDate "2019.02.26"]
[SourceQuality "1"]

1. e4 e5 2. Nf3 Nc6 3. Bb5 a6 4. Ba4 Nf6 5. 0-0 Be7 6. d3 b5 7. Bb3 d6 8. a4 b4 9. a5 0-0 10. Nbd2 Be6 11. Nc4 Qc8 12. Be3 Qb7 13. h3 h6 14. Qe2 Rfd8 15. Rfe1 Nd7 16. Nfd2 Bf6 17. Ba4 Nd4 18. Bxd4 exd4 19. Bxd7 Rxd7 20. f4 Re7 21. Nf3 Bxc4 22. dxc4 Rae8 23. Nd2 d3 24. cxd3 Bxb2 25. Rab1 Bc3 26. Qf2 f5 27. Kh2 fxe4 28. Rxe4 Bxd2 29. Qxd2 Rxe4 30. Rxb4 Qc6 31. dxe4 Rxe4 32. Rb8+ Kh7 33. Qd3 Qxc4 34. Qb1 d5 35. Rd8 Qc6 36. Qd3 Qf6 37. Rxd5 Qxf4+ 38. Kh1 Qc1+ 39. Kh2 Qf4+ 40. Kh1 Qe3 41. Qxe3 Rxe3 42. Rc5 Ra3 43. Rxc7 Rxa5 44. Rc6 h5 45. h4 Ra4 46. g3 Ra2 47. Rc5 Kh6 48. Rc6+ Kh7 49. Rc5 Kg6 50. Kg1 a5 51. Rb5 a4 52. Rg5+ Kh6 53. g4 hxg4 54. Rxg4 a3 55. Ra4 Kh5 56. Kh1 Kg6 57. Ra5 Kf6 58. h5 Ke6 59. Kg1 Kf6 60. Kh1 Ke6 61. Kg1 Kf7 62. Ra7+ Kg8 63. Ra8+ Kh7 64. Kh1 Kh6 65. Ra5 g6 66. hxg6 Kxg6 1/2-1/2

[Event "Moscow op-A 15th"]
[Site "Moscow"]
[Date "2019.01.26"]
[Round "1"]
[White "Romanov, Vasily"]
[Black "Tsvetkov, Andrey1111"]
[Result "0-1"]
[WhiteElo "1993"]
[BlackElo "2338"]
[PlyCount "64"]
[EventDate "2019.01.26"]
[EventType "swiss"]
[EventRounds "9"]
[EventCountry "RUS"]
[SourceTitle "CBM 188 Extra"]
[Source "ChessBase"]
[SourceDate "2019.02.26"]
[SourceVersion "1"]
[SourceVersionDate "2019.02.26"]
[SourceQuality "1"]

1. e4 c5 2. Nf3 d6 3. d4 cxd4 4. Nxd4 Nf6 5. Nc3 a6 6. Be2 e5 7. Nb3 Be7 8. 0-0 0-0 9. Kh1 b5 10. a4 b4 11. Nd5 Nxd5 12. Qxd5 Ra7 13. Be3 Be6 14. Qd1 Rd7 15. Qe1 Qc7 16. Bd3 d5 17. f4 dxe4 18. Bxe4 f5 19. Bf3 Qxc2 20. Bd1 Rxd1 21. Qxd1 Qxd1 22. Rfxd1 Bxb3 23. Rd3 Be6 24. Rc1 e4 25. Rd2 Rc8 26. Rdc2 Rxc2 27. Rxc2 Bf6 28. a5 b3 29. Rd2 Kf7 30. Bc5 Nc6 31. Bb6 Nb4 32. g3 Nd3 0-1

[Event "Moscow op-B 04th"]
[Site "Moscow"]
[Date "2008.02.04"]
[Round "3"]
[White "Romanov, Vasily"]
[Black "Gerasimov, Nikolay P"]
[Result "1-0"]
[WhiteElo "2012"]
[BlackElo "2199"]
[PlyCount "67"]
[EventDate "2008.02.02"]
[EventType "swiss"]
[EventRounds "9"]
[EventCountry "RUS"]
[SourceTitle "CBM 122 Extra"]
[Source "ChessBase"]
[SourceDate "2008.03.04"]
[SourceVersion "1"]
[SourceVersionDate "2008.03.04"]
[SourceQuality "1"]

1. e4 c5 2. Nf3 d6 3. d4 cxd4 4. Nxd4 Nf6 5. Nc3 a6 6. Be3 e5 7. Nb3 Be6 8. f3 b5 9. Qd2 Nbd7 10. 0-0-0 Nb6 11. Qf2 Nc4 12. Bxc4 bxc4 13. Na5 Rc8 14. Bb6 Qd7 15. Rd2 Be7 16. h4 0-0 17. Rhd1 Ne8 18. g4 g6 19. Kb1 Rb8 20. Nd5 Bxd5 21. Rxd5 Qc8 22. b3 Nc7 23. Bxc7 Qxc7 24. h5 Rb5 25. Rxb5 axb5 26. b4 d5 27. exd5 Bxb4 28. Nc6 Bc3 29. Qc5 Re8 30. Qxb5 e4 31. fxe4 Rxe4 32. d6 Qd7 33. Qb8+ Re8 34. Qxe8+ 1-0

[Event "Moscow op-B 04th"]
[Site "Moscow"]
[Date "2008.02.03"]
[Round "2"]
[White "Semin, Gennadiy Vladimirov"]
[Black "Romanov, Vasily"]
[Result "1-0"]
[WhiteElo "2211"]
[BlackElo "2012"]
[PlyCount "75"]
[EventDate "2008.02.02"]
[EventType "swiss"]
[EventRounds "9"]
[EventCountry "RUS"]
[SourceTitle "CBM 122 Extra"]
[Source "ChessBase"]
[SourceDate "2008.03.04"]
[SourceVersion "1"]
[SourceVersionDate "2008.03.04"]
[SourceQuality "1"]

1. d4 d5 2. c4 c6 3. Nf3 Nf6 4. Nc3 a6 5. e3 b5 6. cxd5 cxd5 7. Qb3 Nc6 8. Bd3 e6 9. Bd2 Bd6 10. Rc1 Na5 11. Qd1 Bb7 12. 0-0 0-0 13. b3 Ne4 14. Be1 f5 15. Ne5 Bxe5 16. dxe5 Nc6 17. f4 Qb6 18. Qe2 Rfd8 19. Bh4 Rd7 20. Bxe4 fxe4 21. Rfd1 Rc7 22. Qg4 Nb4 23. Ne2 Rxc1 24. Nxc1 Rc8 25. Ne2 Nc2 26. Bf2 b4 27. h3 a5 28. Kh2 Ba6 29. Ng3 Re8 30. Nh5 Re7 31. Nf6+ Kh8 32. Nxh7 Nxe3 33. Bxe3 Qxe3 34. Qh4 g5 35. Nxg5+ Kg8 36. Qg4 Be2 37. Re1 Bxg4 38. Rxe3 1-0

[Event "St Petersburg White Nights op"]
[Site "St Petersburg"]
[Date "2007.06.28"]
[Round "4"]
[White "Ermolov, Vasily"]
[Black "Romanov, Vasily"]
[Result "0-1"]
[WhiteElo "2146"]
[BlackElo "2006"]
[PlyCount "76"]
[EventDate "2007.06.25"]
[EventType "swiss"]
[EventRounds "9"]
[EventCountry "RUS"]
[SourceTitle "CBM 119 Extra"]
[Source "ChessBase"]
[SourceDate "2007.09.04"]
[SourceVersion "1"]
[SourceVersionDate "2007.09.04"]
[SourceQuality "1"]

1. e4 c5 2. Ne2 d6 3. Nbc3 e5 4. d3 Nc6 5. f4 g6 6. Nd5 Bg7 7. c3 Be6 8. g3 Nge7 9. Bg2 0-0 10. Be3 Qd7 11. h4 Bg4 12. Qd2 Nxd5 13. exd5 Ne7 14. fxe5 dxe5 15. c4 Rac8 16. 0-0-0 Nf5 17. Bf2 Bh6 18. Nf4 exf4 19. gxf4 Bxd1 20. Rxd1 Qd6 21. Kb1 Bxf4 22. Qe2 Rfe8 23. Be4 Ng3 24. Qc2 Nxe4 25. dxe4 Qe5 26. Re1 f5 27. h5 fxe4 28. hxg6 hxg6 29. Rh1 Kg7 30. Qa4 Rc7 31. d6 Rc6 32. Qxa7 Rxd6 33. Qxb7+ Re7 34. Qc8 Re8 35. Qc7+ Kf6 36. Qb7 e3 37. Bh4+ g5 38. Bxg5+ Qxg5 0-1

[Event "Chigorin Memorial-B 14th"]
[Site "St Petersburg"]
[Date "2006.10.23"]
[Round "1"]
[White "Romanov, Vasily"]
[Black "Merzliakov, Evgeniy"]
[Result "1-0"]
[WhiteElo "1986"]
[BlackElo "2209"]
[PlyCount "109"]
[EventDate "2006.10.23"]
[EventType "swiss"]
[EventRounds "9"]
[EventCountry "RUS"]
[SourceTitle "EXT 2007"]
[Source "ChessBase"]
[SourceDate "2006.11.23"]
[SourceVersion "1"]
[SourceVersionDate "2006.11.23"]
[SourceQuality "1"]

1. Nf3 e6 2. c4 b6 3. g3 Bb7 4. Bg2 f5 5. 0-0 Nf6 6. d3 Be7 7. Nc3 Bb4 8. Bd2 0-0 9. Re1 Qe8 10. a3 Bxc3 11. Bxc3 d6 12. e4 fxe4 13. dxe4 e5 14. Nh4 Nbd7 15. b4 Qf7 16. Qe2 Ba6 17. Bf1 Rab8 18. f3 g6 19. Bd2 Nh5 20. Bh6 Rfe8 21. Rec1 Qf6 22. Be3 Nf8 23. Qd2 Ne6 24. Bh3 Nef4 25. Bg4 Rbd8 26. Bxh5 Nxh5 27. Bg5 Qf8 28. Bxd8 Rxd8 29. Qd5+ Kg7 30. c5 Qf6 31. cxb6 cxb6 32. Rc7+ Kh8 33. Rxa7 Be2 34. Kf2 Bxf3 35. Nxf3 Rf8 36. Qd3 g5 37. h3 Ng7 38. Kg2 Ne6 39. Rf1 Qg6 40. Nxe5 dxe5 41. Rxf8+ Nxf8 42. Ra8 Kg7 43. Qf3 Ne6 44. Ra7+ Kh6 45. Re7 b5 46. Qf5 Qxf5 47. exf5 Nd4 48. Rxe5 Nc2 49. Rc5 Nxa3 50. Kf3 Kg7 51. Ke4 Nb1 52. Kd3 Na3 53. Rc3 Nc4 54. Rxc4 bxc4+ 55. Kxc4 1-0

[Event "St Petersburg White Nights op"]
[Site "St Petersburg"]
[Date "2006.06.29"]
[Round "7"]
[White "Goganov, Aleksey"]
[Black "Romanov, Vasily"]
[Result "1-0"]
[WhiteElo "2175"]
[BlackElo "1952"]
[PlyCount "67"]
[EventDate "2006.06.23"]
[EventType "swiss"]
[EventRounds "9"]
[EventCountry "RUS"]
[SourceTitle "CBM 112 Extra"]
[Source "ChessBase"]
[SourceDate "2006.07.14"]
[SourceVersion "1"]
[SourceVersionDate "2006.07.14"]
[SourceQuality "1"]

1. e4 c5 2. Nf3 d6 3. d4 cxd4 4. Nxd4 Nf6 5. Nc3 a6 6. Be2 e6 7. f4 Qc7 8. 0-0 Be7 9. Be3 0-0 10. a4 b6 11. Bf3 Bb7 12. Qe1 Nbd7 13. Kh1 Rfe8 14. Bg1 Rab8 15. Qg3 Nc5 16. Rae1 d5 17. e5 Nfe4 18. Nxe4 dxe4 19. Bh5 Bf8 20. f5 g6 21. b4 Nxa4 22. fxe6 fxe6 23. Bg4 Bd5 24. Rf6 Qd7 25. Qh3 Bg7 26. Bxe6+ Rxe6 27. Rxe6 Bxe6 28. Nxe6 Bxe5 29. Rxe4 Bf6 30. Qb3 Kh8 31. Rf4 Be5 32. Nf8 Qd6 33. Qf7 Qc7 34. Nxg6+ 1-0